000 00861nas a2200277 4500
001 BR2012002319
003 BR-BrBNA
005 20231205120346.0
007 ta
008 230509b bl.|||p| |||| 00| 00por d
040 _aBR-BrBNA
_bpor
_cBiblioteca Nacional de Agricultura
041 _a(Pt)
072 _aF62
100 1 _aLeonhardt, C.
100 1 _aCalil, A.C.
100 1 _aPereira, C. de M.
100 1 _aFior, C.S.
245 1 _aComportamento germinativo de sementes de Sorocea bonplandii (Baill.)W.C. Burger, Lanjouw e Boer - Moraceae
650 _aSEMENTE
650 _aGERMINAÇÃO
650 _aPODER GERMINATIVO
650 _aCASA DE VEGETAÇÃO
773 0 _tIheringia. Série Botânica (Brazil)
_xISSN 0073-4705
_g(Jul 2011), v. 66(1) p. 132-136
_wBR2012002319
909 _a202311
_bLúcia
_c55
_dLúcia Elande
942 _2AGRIS
_n0
_cANA
999 _c218113
_d218113